Martin Fierro /
Guardado en:
| Autor Principal: | |
|---|---|
| Formato: | Libro |
| Idioma: | Undetermined |
| Publicado: |
Buenos Aires :
Kapelusz,
1965.
|
| Edición: | 1a ed. |
| Series: | Grandes obras de la literatura universal
|
| Materias: | |
| Etiquetas: |
Agregar Etiqueta
Sin Etiquetas, Sea el primero en etiquetar este registro!
|
| LEADER | 00553nam a22001815a 4500 | ||
|---|---|---|---|
| 001 | CEM.cems025111 | ||
| 008 | 260413s1965####ag############000#0#und#d | ||
| 005 | 20260413112411.0 | ||
| 245 | 1 | 0 | |a Martin Fierro / |c José Hernádez. |
| 250 | |a 1a ed. | ||
| 260 | |a Buenos Aires : |b Kapelusz, |c 1965. | ||
| 300 | |a 251 p. ; |c 20 cm. | ||
| 490 | 1 | |a Grandes obras de la literatura universal | |
| 100 | 1 | |a Hernádez, José, |d 1965. | |
| 082 | 0 | 4 | |a A861.2 |
| 653 | |a Literatura argentina | ||
| 653 | |a Gauchesca | ||
| 859 | |a CEMS |b BIB. CEMS - Agricultura |h A861.2 |i H430-12 |p A4082.26 |t Ej.1 | ||
